Miền ký ức

Guardat en:
Dades bibliogràfiques
Autor principal: Lê, Chí Dũng
Format: Llibre
Idioma:Undetermined
Publicat: H. Hồng Đức 2014
Matèries:
Accés en línia:http://lrc.tdmu.edu.vn/opac/search/detail.asp?aID=2&ID=22765
Etiquetes: Afegir etiqueta
Sense etiquetes, Sigues el primer a etiquetar aquest registre!
Thư viện lưu trữ: Trung tâm Học liệu Trường Đại học Thủ Dầu Một
LEADER 00593nam a2200193Ia 4500
001 TDMU_22765
008 210410s9999 xx 000 0 und d
082 |a 895.92283403 
090 |b L250 
100 |a Lê, Chí Dũng 
245 0 |a Miền ký ức 
245 0 |c Lê Chí Dũng 
260 |a H. 
260 |b Hồng Đức 
260 |c 2014 
300 |a 304 tr. 
650 |a Hồi ký  |z Việt Nam; Văn học Việt Nam 
856 |u http://lrc.tdmu.edu.vn/opac/search/detail.asp?aID=2&ID=22765 
980 |a Trung tâm Học liệu Trường Đại học Thủ Dầu Một